Statistiken für USA-Bundesstaaten nach Einwohnerzahl

Klicken Sie hier um das Quiz zu spielen!

Allgemein

  • Dieses Quiz wurde 303 mal gespielt
  • Das Durchschnittsergebnis liegt bei 18 aus 25

Antwortstatistiken

PlatzEinwohnerzahlBundesstaat% Korrekt
420.201.249New York
98%
139.538.223Kalifornien
97%
229.145.505Texas
96%
321.538.187Florida
92%
137.705.281Washington
85%
711.799.448Ohio
83%
147.151.502Arizona
77%
810.711.908Georgia
77%
910.439.388North Carolina
77%
235.118.425South Carolina
77%
245.024.279Alabama
76%
1010.077.331Michigan
75%
513.002.700Pennsylvania
75%
612.812.508Illinois
74%
128.631.393Virginia
74%
176.785.528Indiana
69%
119.288.994New Jersey
69%
166.910.840Tennessee
69%
215.773.714Colorado
65%
254.657.757Louisiana
63%
225.706.494Minnesota
63%
196.154.913Missouri
60%
205.893.718Wisconsin
56%
186.177.224Maryland
49%
157.029.917Massachusetts
48%

Verteilung der Resultate

Perzentil nach korrekt beantworteten Fragen

Anzahl Personen mit jedem Resultat

Ihre Resultats-Entwicklung

Sie haben dieses Quiz noch nicht gespielt